| 000 | 02224cas a2200397 i 4500 | ||
|---|---|---|---|
| 001 | 000037526 | ||
| 003 | DO-SdBNP | ||
| 005 | 20260316115613.0 | ||
| 007 | ta | ||
| 008 | 120423c2009 dr mr1p|r| || |0spa d | ||
| 022 | _a2220-2692 | ||
| 040 |
_aDO-SdBNP _bspa _cBNPHU _erda |
||
| 041 | _hspa | ||
| 043 | _anwdr | ||
| 110 | 1 |
_aAcademia de Ciencias de la República Dominicana _9778 |
|
| 222 | 0 | _aRevista dominicana de economía. | |
| 245 | 0 | 0 |
_aRevista dominicana de economía / _cAcademia de Ciencias de la República Dominicana. |
| 264 |
_aSanto Domingo, República Dominicana : _bAcademia de Ciencias de la República Dominicana, _c2009. |
||
| 300 |
_avolumen : _bilustraciones, gráficas, tablas ; _c25.5 cm. |
||
| 310 | _aMensual. | ||
| 336 |
_atexto _btxt _2rdacontent |
||
| 337 |
_asin mediación _bn _2rdamedia |
||
| 338 |
_avolumen _bnc _2rdacarrier |
||
| 362 | 1 | _aAño1. volumen 1 (abril 2009). | |
| 500 | _aCatalogación basada en el: Año1. volumen 1 (abril 2009). | ||
| 520 | _aRevista Dominicana de Economía es una publicación oficial de la Academia de Ciencias de la República Dominicana, institución que tiene por misión el conocimiento, promoción, investigación y difusión de la ciencia y tecnología en nuestro país. Es una entidad de carácter privado, apartidista y sin fines de lucro, fundada el veinte de diciembre de 1974 y reconocida en virtud del decreto No. 1097 del Poder Ejecutivo con fecha 8 de junio de 1975. | ||
| 650 | 0 |
_aEconomia _985383 _vPublicaciones periódicas _zRepública Dominicana |
|
| 650 | 0 |
_aProductividad industrial _927637 _vPublicaciones periódicas _zRepública Dominicana |
|
| 650 | 0 |
_a Trabajo y trabajadores _985401 _vPublicaciones periódicas _zRepública Dominicana |
|
| 650 | 0 |
_aHistoria económica _91620 _vPublicaciones periódicas _zRepública Dominicana |
|
| 650 | 0 |
_aDesarrollo económico _985548 _vPublicaciones periódicas _zRepública Dominicana |
|
| 650 | 0 |
_aCapital _93797 _vPublicaciones periódicas _zRepública Dominicana |
|
| 650 | 0 |
_aCiencias sociales _91065 _vPublicaciones periódicas _zRepública Dominicana |
|
| 651 | 4 |
_aRepública Dominicana _xCondiciones económicas _vPublicaciones periódicas _959305 |
|
| 942 |
_2ddc _cISSUE |
||
| 999 |
_c37016 _d37016 |
||